Chiến sĩ Mác-Xim /

محفوظ في:
التفاصيل البيبلوغرافية
المؤلف الرئيسي: Xtát - Nhuc, I-Van.
مؤلفون آخرون: Lê Anh (dịch.), Nguyễn Ngọc Lư (dịch.)
التنسيق: Sách giấy
اللغة:Vietnamese
منشور في: H. : Quân đội nhân dân, 1979.
الوسوم: إضافة وسم
لا توجد وسوم, كن أول من يضع وسما على هذه التسجيلة!
Thư viện lưu trữ: Thư viện Trường Đại học Đà Lạt
LEADER 00740nam a2200301 4500
001 DLU140159634
005 ##20140213
040 # # |a DLU  |b vie 
041 # # |a vie 
044 # # |a vn 
082 # # |a 891.73  |b XT-I 
100 # # |a Xtát - Nhuc, I-Van. 
245 # # |a Chiến sĩ Mác-Xim /  |c I-Van Xtát-Nhúc; Nguyễn Ngọc Lư, Lê Anh dịch. 
260 # # |a H. :  |b Quân đội nhân dân,  |c 1979. 
300 # # |a  290tr. ;  |c  12cm. 
700 # # |a Lê Anh,  |e dịch. 
700 # # |a Nguyễn Ngọc Lư,  |e dịch. 
923 # # |a TL 
991 # # |a SH 
992 # # |a 1,00 
994 # # |a DLU 
900 # # |a True 
911 # # |a Nguyễn Thị Tưởng 
925 # # |a G 
926 # # |a A 
927 # # |a SH 
980 # # |a Thư viện Trường Đại học Đà Lạt